• AIU
  • Tony Wilmot Memorial Library

Eyes opened : (Record no. 67641)

MARC details
000 -LEADER
fixed length control field 00647nam a22002057a 4500
003 - CONTROL NUMBER IDENTIFIER
control field OSt
005 - DATE AND TIME OF LATEST TRANSACTION
control field 20230605112157.0
008 - FIXED-LENGTH DATA ELEMENTS--GENERAL INFORMATION
fixed length control field 230605b |||||||| |||| 00| 0 eng d
020 ## - INTERNATIONAL STANDARD BOOK NUMBER
International Standard Book Number 9789789054930
040 ## - CATALOGING SOURCE
Original cataloging agency AIU Library - Kenya
Transcribing agency AIU Library - Kenya
Modifying agency AIU Library - Kenya
050 ## - LIBRARY OF CONGRESS CALL NUMBER
Classification number BV 4501.3
Item number .B35 2021
100 ## - MAIN ENTRY--PERSONAL NAME
Personal name Bajah, Victor T.
9 (RLIN) 55035
245 ## - TITLE STATEMENT
Title Eyes opened :
Remainder of title seeing Jesus and His kingdom
Statement of responsibility, etc Victor T. Bajah.
260 ## - PUBLICATION, DISTRIBUTION, ETC. (IMPRINT)
Place of publication, distribution, etc Nigeria :
Name of publisher, distributor, etc Africa Christian Textbooks (ACTS),
Date of publication, distribution, etc c2021.
300 ## - PHYSICAL DESCRIPTION
Extent xiv, 152 p.;
500 ## - GENERAL NOTE
General note [Africana]
504 ## - BIBLIOGRAPHY, ETC. NOTE
Bibliography, etc Includes bibliography.
650 ## - SUBJECT ADDED ENTRY--TOPICAL TERM
Topical term or geographic name as entry element Christian life.
9 (RLIN) 55165
942 ## - ADDED ENTRY ELEMENTS (KOHA)
Source of classification or shelving scheme Library of Congress Classification
Koha item type Books
Holdings
Withdrawn status Lost status Source of classification or shelving scheme Damaged status Not for loan Collection code Home library Current library Shelving location Date acquired Source of acquisition Total Checkouts Full call number Barcode Date last seen Copy number Price effective from Koha item type Cost, normal purchase price
    Library of Congress Classification     General Circulation AIU/NEGST - Tony Wilmot Memorial Library AIU/NEGST - Tony Wilmot Memorial Library General Stacks 09/03/2023 Donation - Victor Bajah   BV 4501.3.B35 2021 T16740W3232 06/05/2023 1 06/05/2023 Africana collection (General)  
    Library of Congress Classification     General Circulation AIU/NEGST - Tony Wilmot Memorial Library AIU/NEGST - Tony Wilmot Memorial Library General Stacks 09/03/2023 Donation - Victor Bajah   BV 4501.3.B35 2021 T16743W3232 06/05/2023 2 06/05/2023 Books 15.00